|
|
|
|
| LEADER |
00591cam a2200169 7i4500 |
| 001 |
0000032291 |
| 005 |
20150513090000.0 |
| 020 |
0 |
0 |
|a 9781250041074
|
| 090 |
0 |
0 |
|a B 808.51
|b DET (LRM)
|
| 100 |
1 |
0 |
|a Detz, Joan
|
| 245 |
1 |
0 |
|a How to write & give a speech :
|b a practical guide for anyone who has to make every word count.
|
| 250 |
0 |
0 |
|a Third Revised Edition: March 2014.
|
| 260 |
0 |
0 |
|a New York:
|b St. Martin's Griffin,
|c 2014.
|
| 300 |
# |
# |
|a 224 pages.
|
| 650 |
0 |
0 |
|a Public speaking
|
| 999 |
|
|
|a B000036054
|b Book
|c Book
|e Business Information Centre
|
| 999 |
|
|
|a 0000036054
|b Book
|c Book
|e Business Information Centre
|